000 00488nam a22001817a 4500
005 20210423055057.0
008 210223b1979 ||||| |||| 00| 0 eng d
020 _a0020868804
040 _cDLC
080 _a821.111
_bL-63
100 _91084
_aLewis.C.S
245 _aOut of the silent planet
260 _aNew York
_bMacmilan
_c1979
300 _a160 .:
650 0 _9247
_aEnglish literature
653 _aინგლისური ლიტარატურა
942 _2udc
_cBK
999 _c1677
_d1677